000 00998nam a2200265Ia 4500
003 OSt
005 20220923211201.0
006 a|||||r|||| 00| 0
007 ta
008 220922b |||||||| |||| 00| 0 hin d
020 _a818866271 (hbk)
_c200
024 _a245,682
037 _bIN-01144, 16/02/2011, Kitab Ghar Prakashan
_cTextual
040 _aARTS
_cARTS
_bhin
041 _2hin
_ahin
082 _aO152,1G70x, P3
100 _aनामदेव; गोविंद रजनीश, संपा.
_9159264
245 0 _aनामदेव रचनावली
246 _aNāmadev rachanāvalī
260 _aदिल्ली
_b अमरसत्य प्रकाशन
_c2003
300 _a160पृ.
_ccm.
650 _aहिन्दी साहित्य
_9156264
942 _hO152,1G70x, P3
_cTEXL
_2CC
999 _c296474
_d296474